00635 2200217 4500001002100000005001500021035002000036007000300056008003900059082000800098084001400106245008500120260001800205300003700223650004100260110004500301310001500346856002900361022001400390990001300404INLIS00000000000125920260414074713 a0010-0426000013ta260414 | | |  a630 a630 BAL m1 aMembangun Kelembagaan Diklat Swadaya /cBALAI BESAR PELATIHAN PERTANIAN KETINDAN aMalang,c2016 a30 hlm :bi 30 hlm;ilus ;c25 cm 4aMembangun Kelembagaan Diklat Swadaya0 aBALAI BESAR PELATIHAN PERTANIAN KETINDAN aEdisi 0015 aPerpustakaan BBPP Kupang a2088-2254 a20060047